000 00906nam a22002057a 4500
999 _c1945
_d1945
003 AR-CdUCM
008 190228b ||||| |||| 00| 0 spa d
040 _aMUNICIPALIDAD PROVINCIAL DEL CUSCO
_cBIBLIOTECA MUNICIPAL DEL CUSCO
082 _a985.6121 /
_bM82
100 _aMould de Pease, Mariana
_97113
245 _aMachu Picchu: antes y después de Hiram Bingham :
_bentre el saqueo de "antigüedades" y el estudio científico /
260 _aPerú :
_bKopygraf,
_c2008.
300 _a66 páginas ;
_bImagen
_c20 cm.
505 _aUna historia de desvaríos -- Limitaciones de los estudios -- del uso turístico -- De las áreas de amortiguamiento y protección -- De la veracidad -- Del transporte para residentes y visitantes -- de la bilateralidad ...
650 _aImperio de los incas
_9135
650 _aHistoria
_9136
650 _aCultura
_9126
942 _2ddc
_cLIBROS
945 _aafb
_d2019-02-28